Регионална библиотека "Любен Каравелов" - Русе

Братята Гракхи : Техния живот и обществената им деятелност (Запис номер 431124)

MARC детайли
000 -Лидер
Контролно поле с фиксирана дължина nam a22 a 4500
003 - Код на организацията, давaща контролен номер
Контролно поле BLK
005 - Дата и час на последна редакция
Контролно поле 20210903145158.0
008 - Елементи от данни с фиксирана дължина
fixed length control field 210903b bu |||||r|||| 00| | bu d
040 ## - Източник на каталожния запис
Идентификатор на билиотеката - собственик на записа BLK
041 ## - Код за език
Код за езика на текст/звукозапис или на отделно заглавие Български
Код за езика КДБФ Български
080 ## - УДК
Текстов определител УДК История на Рим (до 476 г. н. е.). Древен Рим
УДК код - определител по УДК 94(37)
УДК - код + определител 94(37)
100 ## - Редна дума - Автор
R(LIN) 1299
Автор Грим, Ервин Давидович
Авторска отговорност първи автор
139 ## - Редно поле
Редна дума Грим, Ервин Давидович
245 ## - Сведения за заглавието
Заглавие Братята Гракхи : Техния живот и обществената им деятелност
Редно поле (дума) Ервин Грим
260 ## - Област на издателските данни
9 (RLIN) 216358
Място на издаване, разпространение и проч. Стара Загора
Име на издателя, разпространителя и проч. книж. д-во Просвета
Година на издаване 1897
Печатница В. Търново : печ. Х.Т.С. Фъртунов
300 ## - Физическа характеристика
Страници 120 с.
Размери/Мащаб 20 см
380 ## - Жанр
Жанр История
490 ## - СЕРИИ (Колекции)
9 (RLIN) 435080
Име на серия Колекция Редки и ценни издания
600 14 - Име на лице, използвано като предмет
9 (RLIN) 223740
За него / За нея Тиберий Гракх
600 #0 - Име на лице, използвано като предмет
9 (RLIN) 463948
За него / За нея Гракх, Кай
650 #0 - Допълнително описание по предмет – тема
9 (RLIN) 249436
Основно описание – тема или топоним Древен Рим - история
852 ## - Местоположение
Форматна сигнатура Рб 897
999 ## - СИСТЕМНИ КОНТРОЛНИ НОМЕРА
Koha biblionumber 431124
Koha biblioitemnumber 431124
942 ## - АРТИКУЛИ
Вид на библиотечния материал Книги
Скрит в OPAC Не
Периодичен библиозапис Да
944 ## - СЪЗДАВАНЕ И РЕДАКЦИЯ на ЗАПИСА
Създаване/Редакция Създаване
Дата на регистрацията/редакция 2021-09-03
Служител, извършил регистрацията/редакцията ВР
Наличности
Код за отписване Код за изгубен артикул Източник на класификационната схема Код за повреда Коз за рестрикции Код за отдаване Артикулен № Име на библиотеката - собственик Име на библиотеката, в която се намира в момента Статус (Текущо местоположение) Дата на вписване в системата Местоположение - отдел Цена в лева Инвентарен номер Систематично азбучна сигнатура Баркод Цена в евро Служебен тип на артикула
  Не е изгубен Universal Decimal Classification Не е повреден само за читалня Специални фондове ( старопечатни, редки и ценни, фонд М. Арнаудов) 853753 Регионална библиотека "Любен Каравелов" Русе Регионална библиотека "Любен Каравелов" Русе Редки и ценни 2021-09-21 Редки и ценни 0.10 7800 Рб 897 900000077550 0.05 Книги
Vip Innovations Ltd, Rousse, Bulgaria 2025